000 00532nam a2200193Ia 4500
005 20250508150934.0
008 008 250505s9999 xx 000 0 eng d
037 _aTextual
040 _aFEDL
_beng
_cFEDL
041 _aeng
_2eng
084 _a150.195, HUN
_qFEDL
100 _aHunt H Ernest
_9757994
245 0 _aPractical psycho - analysis
260 _aLondon, UK
_bW. Foulsham and Co. Ltd.
_c1938
300 _av,128p
650 _aPsychology
942 _cTEXL
_h150.195, HUN
999 _c1326606
_d1326606